00783cam a2200217 a 45000010005000000030009000050050017000140080041000310200015000720400023000870820018001101000022001282450099001502600044002493000030002934900078003235040041004016500039004426500052004816500032005334765BD-DhUAP20200219120012.0200219s1992 dcu b 000 0 eng  a0821323105 aDLCcDLCdBD-DhUAP00a378.6 SAI2231 aSaint, William S.10aUniversities in Africa :bstrategies for stabilization and revitalization /cWilliam S. Saint. aWashington, D.C. :bWorld Bank,cc1992. axxiv, 140 pages ;c28 cm. aWorld Bank technical paper number 194, Africa Technical Department Series aIncludes bibliographical references. 0aUniversities and collegeszAfrica. 0aEducation, HigherxAims and objectiveszAfrica. 0aEducational changezAfrica.